000 00324nam a22001217a 4500
020 _a9789380026756
082 _a670.423
_bSAW/ME
100 _aSawhney, G.S
245 _aMechanical experiments and workshop practice
260 _aNew Delhi
_bI.K International Publishing House Pvt. Ltd.
_c2009
300 _a374
942 _cBK
999 _c13672
_d13672